Understanding UNIX (Record no. 247713)

MARC details
000 -LEADER
fixed length control field 00459nam a2200193Ia 4500
008 - FIXED-LENGTH DATA ELEMENTS--GENERAL INFORMATION
fixed length control field 240921s9999||||xx |||||||||||||| ||und||
082 ## - DEWEY DECIMAL CLASSIFICATION NUMBER
-- 005.43 M8
100 ## - MAIN ENTRY--PERSONAL NAME
Personal name Croff, James R
245 #0 - TITLE STATEMENT
Title Understanding UNIX
250 ## - EDITION STATEMENT
Edition statement 2nd
260 ## - PUBLICATION, DISTRIBUTION, ETC. (IMPRINT)
Date of publication, distribution, etc 1988
Name of publisher, distributor, etc H.Pb.,Singapore
500 ## - GENERAL NOTE
General note A conceptual Guide
650 ## - SUBJECT ADDED ENTRY--TOPICAL TERM
Topical term or geographic name as entry element UNIX
700 ## - ADDED ENTRY--PERSONAL NAME
Personal name Weinberg,Paul N
942 ## - ADDED ENTRY ELEMENTS (KOHA)
Item type Books
Holdings
Withdrawn status Lost status Damaged status Permanent location Current location Shelving location Date acquired Source of acquisition Cost, normal purchase price Full call number Barcode Date last seen Koha item type
      CENTRAL LIBRARY, NOORUL ISLAM CENTRE FOR HIGHER EDUCATION CENTRAL LIBRARY, NOORUL ISLAM CENTRE FOR HIGHER EDUCATION   05/09/2003 Higginbothams Private Ltd 150.00 005.43 M8 668 09/21/2024 Books
Visitors:
Copyright © 2024 Central Library NICHE.  All rights reserved.